[Event "CRO-ch 2020"]
[Site "Vinkovci"]
[Date "2020.06.25"]
[Round "6.6"]
[White "Jovanic, Ognjen"]
[Black "Plenca, Jadranko"]
[Result "1/2-1/2"]
[WhiteElo "2524"]
[BlackElo "2483"]
[Annotator "TA"]
[PlyCount "69"]
[EventDate "2020.06.19"]
[EventType "tourn"]
[EventCountry "CRO"]

{[%evp 17,69,-7,54,2,29,6,16,-14,-9,0,0,0,0,0,0,0,18,28,37,0,0,0,0,0,0,0,0,0,0,0,0,0,0,0,0,0,0,0,-4,-4,0,-25,-25,-28,-4,-16,0,-28,0,0,0,-37,0,-8]} 1. d4 d5 2. Nf3 Nf6 3. c3 c5 4. e3 e6 5. Nbd2 Nc6 6. Bd3 Be7 7. O-O O-O 8. dxc5 Bxc5 9. e4 e5 (9... Qc7 $11) 10. b4 {D05: Colle System with ...e6.} ({White should try} 10. exd5 $14 Qxd5 11. Qc2) 10... Bb6 $11 11. Qc2 d4 {[#]} 12. Nc4 $146 {aiming for b5.} (12. b5 $5 {[%cal Rb5c6]} dxc3 13. bxc6 cxd2 14. Bxd2 $11) ({Predecessor:} 12. b5 dxc3 13. bxc6 cxd2 14. Bxd2 Qd6 15. Bc3 Re8 16. Bc4 bxc6 17. Qb3 Be6 18. Nxe5 Nxe4 19. Bxe6 Qxe6 {0-1 (34) Dehesdin,W (2115)-Murey,J (2458) Le Touquet 2005}) 12... dxc3 13. Qxc3 Bg4 {...Bxf3 is the strong threat.} 14. Nxb6 axb6 15. Ne1 Qd6 16. a3 Rfd8 17. Be3 Nd4 18. Bxd4 Qxd4 19. Qxd4 Rxd4 20. f3 Be6 21. Bb5 $1 Ne8 22. Nc2 Rd2 23. Rf2 Rxf2 24. Kxf2 Nd6 25. Bd3 Kf8 26. Ke2 Ke7 27. h4 g6 28. Ne3 f5 29. exf5 gxf5 30. g3 h6 31. Kf2 Rc8 32. Ke1 (32. f4 $5 {[%cal Rf4e5]}) 32... Rg8 33. Kf2 Rc8 34. Ke1 Rg8 35. Kf2 {An uneventful encounter. Accuracy: White = 79%, Black = 90%.} 1/2-1/2

[Event "CRO-ch 2020"]
[Site "Vinkovci"]
[Date "2020.06.25"]
[Round "7.1"]
[White "Plenca, Jadranko"]
[Black "Rogic, Davor"]
[Result "1/2-1/2"]
[WhiteElo "2483"]
[BlackElo "2492"]
[Annotator "RC"]
[PlyCount "65"]
[EventDate "2020.06.19"]
[EventType "tourn"]
[EventCountry "CRO"]
[SourceTitle "playchess.com"]
[Source "ChessBase"]
[SourceQuality "1"]
[TimeControl "40/5400+30:1800+30"]

1. e4 {[%emt 0:00:00]} e5 {[%emt 0:02:08]} 2. Nf3 {[%emt 0:01:42]} Nc6 {[%emt 0:00:13]} 3. Bc4 {[%emt 0:01:18]} Bc5 {[%emt 0:00:39]} 4. Nc3 {[%emt 0:00:32]} d6 {[%emt 0:03:29]} 5. Na4 {[%emt 0:03:00]} Nf6 {[%emt 0:01:55]} 6. Nxc5 {[%emt 0:00:44]} dxc5 {[%emt 0:00:06]} 7. d3 {[%emt 0:00:27]} Qd6 {[%emt 0:03:31]} 8. a3 {[%emt 0:05:20]} O-O {[%emt 0:07:47]} 9. Be3 {[%emt 0:07:17]} b6 {[%emt 0:05:03]} 10. Nd2 {[%emt 0:03:52]} Be6 {[%emt 0:11:06]} 11. O-O {[%emt 0:02:29]} h6 {[%emt 0:04:40]} 12. h3 {[%emt 0:09:21]} Rad8 {[%emt 0:05:01]} 13. f4 {[%emt 0:06:24]} exf4 {[%emt 0:02:47]} 14. Rxf4 {[%emt 0:00:30]} Nd7 {[%emt 0:03:00]} 15. Bxe6 {[%emt 0:05:38]} Qxe6 {[%emt 0:01:53]} 16. b4 {[%emt 0:05:09]} cxb4 {[%emt 0:06:18]} 17. axb4 {[%emt 0:00:53]} Nxb4 {[%emt 0:00:30]} 18. Rxa7 {[%emt 0:05:35]} Qc6 {[%emt 0:02:00]} 19. Nc4 {[%emt 0:02:53]} b5 {[%emt 0:06:34]} 20. Na3 {[%emt 0:01:19]} Ra8 {[%emt 0:04:30]} 21. Rxa8 {[%emt 0:07:16]} Rxa8 {[%emt 0:00:36]} 22. Qh5 {[%emt 0:00:22]} Nf6 {[%emt 0:05:59]} 23. Qxb5 {[%emt 0:02:17]} Qc3 {[%emt 0:01:37]} 24. Bc5 {[%emt 0:05:42]} Qxa3 {[%emt 0:04:38]} 25. Bxb4 {[%emt 0:03:08]} Qc1+ {[%emt 0:00:04]} 26. Rf1 {[%emt 0:00:30]} Qxc2 {[%emt 0:00:30]} 27. Bc5 {[%emt 0:06:19]} Qc3 {[%emt 0:01:12]} 28. Be7 {[%emt 0:02:11]} Ra2 {[%emt 0:02:41]} 29. Qf5 {[%emt 0:00:30]} Qxd3 {[%emt 0:00:30]} 30. Bxf6 {[%emt 0:06:00]} Qg3 {[%emt 0:07:41]} 31. Qc8+ {[%emt 0:00:25]} Kh7 {[%emt 0:00:04]} 32. Qf5+ {[%emt 0:00:04]} Kg8 {[%emt 0:00:08]} 33. Qc8+ {[%emt 0:00:05]} 1/2-1/2

[Event "CRO-ch 2020"]
[Site "Vinkovci"]
[Date "2020.06.25"]
[Round "7.2"]
[White "Brkic, Ante"]
[Black "Jovanic, Ognjen"]
[Result "1/2-1/2"]
[WhiteElo "2593"]
[BlackElo "2524"]
[Annotator "RC"]
[PlyCount "62"]
[EventDate "2020.06.19"]
[EventType "tourn"]
[EventCountry "CRO"]
[SourceTitle "playchess.com"]
[Source "ChessBase"]
[SourceQuality "1"]
[TimeControl "40/5400+30:1800+30"]

1. e4 {[%emt 0:00:00]} e5 {[%emt 0:00:12]} 2. Nf3 {[%emt 0:00:00]} Nc6 {[%emt 0:00:09]} 3. Bb5 {[%emt 0:00:00]} Nf6 {[%emt 0:00:07]} 4. d3 {[%emt 0:00:14]} Bc5 {[%emt 0:01:01]} 5. c3 {[%emt 0:00:09]} O-O {[%emt 0:01:24]} 6. O-O {[%emt 0:00:07]} d6 {[%emt 0:00:50]} 7. h3 {[%emt 0:00:11]} Ne7 {[%emt 0:01:54]} 8. d4 {[%emt 0:01:18]} Bb6 {[%emt 0:00:46]} 9. Re1 {[%emt 0:00:33]} Ng6 {[%emt 0:05:32]} 10. Bd3 {[%emt 0:01:04]} Re8 {[%emt 0:02:59]} 11. Nbd2 {[%emt 0:00:11]} c6 {[%emt 0:11:05]} 12. Nf1 {[%emt 0:00:12]} Bc7 {[%emt 0:14:02]} 13. Ng3 {[%emt 0:01:39]} Be6 {[%emt 0:02:11]} 14. Be3 {[%emt 0:09:06]} d5 {[%emt 0:06:02]} 15. exd5 {[%emt 0:27:39]} Bxd5 {[%emt 0:05:09]} 16. Bxg6 {[%emt 0:04:36]} hxg6 {[%emt 0:00:26]} 17. Nxe5 {[%emt 0:01:50]} Bxe5 {[%emt 0:01:36]} 18. dxe5 {[%emt 0:00:03]} Rxe5 {[%emt 0:00:09]} 19. Qd4 {[%emt 0:01:31]} Re8 {[%emt 0:03:23]} 20. c4 {[%emt 0:02:00]} Be6 {[%emt 0:03:03]} 21. Qc3 {[%emt 0:00:06]} b5 {[%emt 0:01:30]} 22. b3 {[%emt 0:02:42]} bxc4 {[%emt 0:01:25]} 23. bxc4 {[%emt 0:00:02]} c5 {[%emt 0:09:25]} 24. Bxc5 {[%emt 0:23:33]} Rc8 {[%emt 0:00:01]} 25. Bxa7 {[%emt 0:00:21]} Rxc4 {[%emt 0:00:10]} 26. Qb2 {[%emt 0:00:08]} Qc7 {[%emt 0:04:19]} 27. Be3 {[%emt 0:06:52]} Rc2 {[%emt 0:00:48]} 28. Qd4 {[%emt 0:04:34]} Rxa2 {[%emt 0:01:22]} 29. Rxa2 {[%emt 0:02:42]} Bxa2 {[%emt 0:00:02]} 30. Rc1 {[%emt 0:00:23]} Qb7 {[%emt 0:06:05]} 31. Qb6 {[%emt 0:03:17]} Qxb6 {[%emt 0:00:32]} 1/2-1/2

[Event "CRO-ch 2020"]
[Site "Vinkovci"]
[Date "2020.06.25"]
[Round "7.3"]
[White "Saric, Ante"]
[Black "Kovacevic, Blazimir"]
[Result "1-0"]
[WhiteElo "2541"]
[BlackElo "2410"]
[Annotator "ChessBase"]
[PlyCount "71"]
[EventDate "2020.06.19"]
[EventType "tourn"]
[EventCountry "CRO"]
[SourceTitle "playchess.com"]
[Source "ChessBase"]
[SourceQuality "1"]
[TimeControl "40/5400+30:1800+30"]

1. Nf3 {[%emt 0:00:31]} b6 {[%emt 0:00:46]} 2. d4 {[%emt 0:02:37]} Bb7 {[%emt 0:00:10]} 3. Bf4 {[%emt 0:00:32]} g6 {[%emt 0:08:16]} 4. Nc3 {[%emt 0:05:22]} Nf6 {[%emt 0:02:02]} 5. Qd2 {[%emt 0:04:13]} d6 {[%emt 0:04:12]} 6. O-O-O {[%emt 0:01:36]} Nbd7 {[%emt 0:01:04]} 7. d5 {[%emt 0:10:38]} Bg7 {[%emt 0:14:50]} 8. e4 {[%emt 0:07:00]} O-O {[%emt 0:00:51]} 9. Nd4 {[%emt 0:03:30]} Nc5 {[%emt 0:08:05]} 10. f3 {[%emt 0:01:17]} e5 {[%emt 0:00:08]} 11. dxe6 {[%emt 0:00:05]} Nxe6 {[%emt 0:00:04]} 12. Be3 {[%emt 0:14:04]} a6 {[%emt 0:18:49]} 13. g4 {[%emt 0:07:18]} b5 {[%emt 0:04:39]} 14. h4 {[%emt 0:02:01]} Nxd4 {[%emt 0:10:06]} 15. Bxd4 {[%emt 0:01:21]} Re8 {[%emt 0:00:41]} 16. g5 {[%emt 0:09:01]} Nh5 {[%emt 0:00:46]} 17. Bxg7 {[%emt 0:00:05]} Kxg7 {[%emt 0:00:48]} 18. Bh3 {[%emt 0:00:22]} f5 {[%emt 0:06:55]} 19. exf5 {[%emt 0:06:53]} Bxf3 {[%emt 0:04:55]} 20. f6+ {[%emt 0:00:24]} Kf8 {[%emt 0:00:07]} 21. Bg2 {[%emt 0:00:27]} Bxd1 {[%emt 0:01:09]} 22. Bxa8 {[%emt 0:00:29]} Qxa8 {[%emt 0:00:26]} 23. Rxd1 {[%emt 0:00:05]} Re5 {[%emt 0:04:15]} 24. Nd5 {[%emt 0:02:18]} Qc6 {[%emt 0:00:06]} 25. Qd3 {[%emt 0:08:06]} Qd7 {[%emt 0:03:57]} 26. Qc3 {[%emt 0:02:05]} c5 {[%emt 0:02:08]} 27. Nf4 {[%emt 0:03:36]} Qg4 {[%emt 0:02:24]} 28. Nxh5 {[%emt 0:00:14]} gxh5 {[%emt 0:00:04]} 29. Qd3 {[%emt 0:00:42]} Qf4+ {[%emt 0:00:23]} 30. Kb1 {[%emt 0:00:18]} Re4 {[%emt 0:00:03]} 31. Qd5 {[%emt 0:01:57]} Qe5 {[%emt 0:01:43]} 32. Qb7 {[%emt 0:01:47]} Qf5 {[%emt 0:00:31]} 33. Qxa6 {[%emt 0:01:31]} Rd4 {[%emt 0:00:21]} 34. Qa8+ {[%emt 0:00:34]} Kf7 {[%emt 0:00:05]} 35. Qb7+ {[%emt 0:00:06]} Ke6 {[%emt 0:00:16]} 36. Re1+ {[%emt 0:00:11]} 1-0

[Event "CRO-ch 2020"]
[Site "Vinkovci"]
[Date "2020.06.25"]
[Round "7.4"]
[White "Kozul, Zdenko"]
[Black "Zelcic, Robert"]
[Result "0-1"]
[WhiteElo "2597"]
[BlackElo "2527"]
[Annotator "TA"]
[PlyCount "66"]
[EventDate "2020.06.19"]
[EventType "tourn"]
[EventCountry "CRO"]
[SourceTitle "playchess.com"]
[Source "ChessBase"]
[SourceQuality "1"]

{[%evp 9,66,26,68,12,16,0,9,25,26,23,31,25,16,14,16,20,150,133,218,186,187,187,178,177,184,166,225,216,231,128,125,90,89,88,87,59,126,93,86,81,127,129,176,160,178,103,117,35,38,29,33,-126,-74,-146,0,-463,-275,-29990,-29991]} 1. d4 Nf6 2. c4 e6 3. Nf3 d5 4. Nc3 dxc4 5. e4 b5 6. Nxb5 {D24: Queen's Gambit Accepted: 3 Nf3 Nf6 4 Nc3.} (6. e5 $14 Nd5 7. Nxb5) 6... Nxe4 $11 7. Qa4 c6 8. Nc3 {[#] The position is equal.} Nd6 $146 ({Predecessor:} 8... Nxc3 9. bxc3 Bd6 10. Bxc4 O-O 11. O-O Qc7 12. Qc2 Nd7 13. Bd3 h6 14. Qe2 Nf6 {0-1 (41) Modler,A (2225)-Zverev,L (1914) Graz 2020}) 9. g3 Be7 10. Bg2 O-O 11. O-O Nd7 12. Ne5 Nb6 (12... Nxe5 $11 {remains equal.} 13. dxe5 Nf5) 13. Nxc6 $16 Qc7 (13... Bd7 $16 14. Nxe7+ (14. Nxd8 Nxa4 15. Bxa8 Rxd8 $16) 14... Qxe7) 14. Nxe7+ Qxe7 15. Qa3 Qd7 16. Bxa8 Nxa8 17. d5 {Hoping for dxe6.} Nb6 (17... Bb7 {is a better defense.} 18. Bf4 (18. Qxa7 exd5 19. Bf4 Nf5 $16) 18... Nb5 19. Nxb5 Qxd5) 18. Be3 $18 Nf5 19. Rad1 (19. Bxb6 $18 axb6 20. Rad1) 19... Nxd5 $16 20. Nxd5 exd5 21. Qxa7 Bb7 22. Bd4 h5 (22... Ra8 $14 23. Qb6 Ra6) 23. f3 Ra8 24. Qc5 Ra6 25. Rfe1 Rg6 26. Qa7 Qc8 27. a3 (27. Re5 $18) 27... Nh4 28. Re3 (28. Rf1 $16) 28... Qf5 $14 {Threatens to win with ...Qc2.} 29. Qb8+ ({Not} 29. Qxb7 $2 Qc2 $19) 29... Kh7 $1 {And now ...Qc2 would win.} 30. Re8 $2 ({Don't go for} 30. Qxb7 $2 Qc2 $19) (30. Kh1 $14 Re6 31. Qf4) 30... Nxf3+ $40 {[%mdl 128] Black has strong attack.} 31. Kh1 {[#]} (31. Kg2 $142 Qc2+ {[%mdl 64] Double Attack} 32. Kxf3 Qxd1+ {[%mdl 64] Double Attack} 33. Kg2 Qc2+ 34. Kg1 Qd1+ 35. Kg2 Qc2+ 36. Kg1 Qb1+ 37. Kg2 Qc2+) 31... Rf6 ({Better is} 31... Re6 $1 $17 {[%cal Re6e8]} 32. Rh8+ Kg6 33. Bxg7 Kxg7) 32. Rh8+ $2 {[%mdl 8192]} (32. g4 $1 $11 {and White has nothing to worry.} hxg4 33. Bxf6) 32... Kg6 $19 {( -> ...Qc2!)} 33. Qg8 $2 {[#]} (33. g4 $19 hxg4 34. Bxf6) 33... Ng5 $1 {[%mdl 512] Accuracy: White = 52%, Black = 69%.} 0-1

[Event "CRO-ch 2020"]
[Site "Vinkovci"]
[Date "2020.06.25"]
[Round "7.5"]
[White "Bosiocic, Marin"]
[Black "Palac, Mladen"]
[Result "1/2-1/2"]
[WhiteElo "2625"]
[BlackElo "2529"]
[Annotator "TA"]
[PlyCount "106"]
[EventDate "2020.06.19"]
[EventType "tourn"]
[EventCountry "CRO"]
[SourceTitle "playchess.com"]
[Source "ChessBase"]
[SourceQuality "1"]

{[%evp 15,106,10,20,18,37,18,21,17,25,10,24,25,32,29,6,10,14,0,8,0,15,0,20,11,25,-8,0,-7,-2,-10,-6,-12,0,-4,0,0,0,-12,0,-50,-34,-33,-31,-100,-91,-102,-100,-105,-80,-69,-56,-60,-63,-91,0,-112,-89,-131,-88,-84,-57,-75,-57,-52,-68,-92,-45,-54,-41,-54,-56,-112,-105,-104,-101,-104,-106,-155,-19,-20,0,-150,-154,-165,-160,-193,-107,-111,-106,-111,-108,-92,-8]} 1. e4 c5 2. Nf3 d6 3. d4 cxd4 4. Nxd4 Nf6 5. Nc3 a6 6. f3 e5 7. Nb3 Be6 8. Be3 h5 9. Nd5 {B90: Sicilian Najdorf: Unusual White 6th moves, 6 Be3 Ng4 and 6 Be3 e5.} Bxd5 10. exd5 Nbd7 11. Qd2 {The position is equal.} g6 12. O-O-O Nb6 13. Kb1 Nfxd5 14. Bf2 Nf6 $1 15. Bd3 Nbd7 16. Rhe1 Qc7 17. Bf1 {[#]} Be7 $146 ({Predecessor:} 17... Rc8 18. Bh4 Be7 19. f4 O-O 20. f5 Kg7 21. c3 d5 22. Bg5 Rfe8 23. Bd3 Nb6 {½-½ (37) Nefedov,S (2529)-Van Willigen,J (2422) ICCF email 2014}) 18. Bg1 Kf8 19. f4 Re8 20. c4 b6 21. g3 h4 22. Qc3 Kg7 23. Bg2 hxg3 24. hxg3 Ng4 25. Bf3 Ndf6 26. Nd4 Rh3 27. Bxg4 Nxg4 28. Qf3 $1 {[%cal Rf3g4]} Qd7 29. Nc6 (29. Ne2 $15) 29... Bf6 $17 30. Qg2 Rhh8 $36 {[%mdl 2048] Black has strong initiative.} 31. Nb4 Rc8 32. Qe4 Qa4 33. Nd5 Qxc4 ({Wrong is} 33... Rxc4 $2 34. Qe2 $18) 34. Qg2 Bd8 (34... Qc6 $17 35. Qd2 Bd8) 35. Qd2 (35. fxe5 $1 $11 {remains equal.} Nxe5 36. Bxb6) 35... Qc6 36. Qd3 Nf6 37. Nb4 Qc4 38. Nxa6 Qxd3+ 39. Rxd3 Re8 40. a3 exf4 (40... b5 {with more complications.} 41. fxe5 dxe5 42. Rb3 Ba5 43. Rd1 Red8) 41. Rxe8 Nxe8 42. gxf4 Kf6 43. Rb3 (43. Nb4 $15) 43... Kf5 44. Nb4 Nf6 45. Rd3 d5 46. Bh2 Rc5 (46... Ke4 $17 {Strongly threatening ...Be7.} 47. Rd1 b5) 47. Bg1 $11 Rc8 (47... Ra5 $11) 48. Bh2 $1 $17 Ke4 49. Rd1 b5 50. Re1+ Kf5 {[#]} (50... Kf3 $19 {Hoping for ...Ba5.} 51. Nd3 Ne4 52. Ne5+ Kg2) 51. Nxd5 $1 {[%mdl 576] Decoy. Black is better.} Nxd5 52. Re5+ {[%mdl 64] Double Attack} Kg4 53. Rxd5 b4 {Accuracy: White = 77%, Black = 79%.} (53... Be7 $17 54. Rxb5 Rh8) 1/2-1/2

[Event "CRO-ch 2020"]
[Site "Vinkovci"]
[Date "2020.06.26"]
[Round "8.1"]
[White "Rogic, Davor"]
[Black "Stevic, Hrvoje"]
[Result "1/2-1/2"]
[WhiteElo "2492"]
[BlackElo "2575"]
[Annotator "TA"]
[PlyCount "113"]
[EventDate "2020.06.19"]
[EventType "tourn"]
[EventCountry "CRO"]
[SourceTitle "playchess.com"]
[Source "ChessBase"]
[SourceQuality "1"]

{[%evp 10,113,4,-3,0,0,0,0,0,-21,-18,-18,-16,-18,-23,-18,-10,-37,-37,-37,-36,-45,-35,-53,-18,-70,-70,-70,-69,-70,-70,-73,-73,-58,-51,-51,-46,-50,-45,-58,-64,-51,-54,-61,-49,-56,-41,-40,-46,-43,-29,-42,-31,-39,-31,-35,-23,-34,-19,-28,0,0,0,0,0,0,0,0,0,0,0,0,0,0,0,0,0,0,0,0,0,0,0,8,17,20,35,0,0,-35,0,0,0,0,0,0,0,0,0,0,0,0,0,0,0,0]} 1. e4 e5 2. Nf3 Nc6 3. Nc3 Nf6 4. Bb5 Bc5 5. O-O O-O 6. d3 Re8 {C48: Four Knights: 4 Bb5, replies other than 4...Bb4.} 7. h3 Nd4 8. Nxd4 Bxd4 9. Ne2 Bb6 10. Ng3 c6 11. Ba4 h6 {[#]} 12. Be3 $146 ({Predecessor:} 12. Bb3 d5 13. Qf3 Be6 14. Nf5 Nh7 15. Qh5 a5 16. a4 Qd7 17. Be3 Nf6 18. Qf3 Bxf5 19. Qxf5 Qxf5 20. exf5 {0-1 (36) Onischuk,V (2488)-Svetushkin,D (2593) Moscow 2009}) 12... d5 13. Re1 Bxe3 14. Rxe3 d4 15. Re1 Nd7 16. Bb3 Qg5 17. Qh5 (17. c3 $11) 17... Qxh5 $15 18. Nxh5 g6 19. Ng3 Nc5 20. Nf1 a5 21. a3 a4 22. Ba2 Be6 23. Nd2 b5 24. Kf1 Bxa2 25. Rxa2 Kg7 26. Raa1 Ne6 27. g3 c5 28. Reb1 Ra6 29. h4 Rc8 30. b3 Nc7 31. Ke2 Rca8 32. Rc1 Ne6 33. Rab1 Rb8 34. Rf1 f6 35. f4 exf4 36. gxf4 g5 37. hxg5 hxg5 38. fxg5 fxg5 39. Rf5 axb3 40. Rxb3 Rh8 41. Rxb5 Rh2+ $1 42. Rf2 Rxf2+ 43. Kxf2 Rxa3 $11 {[%mdl 4096] Endgame KRN-KRN} 44. Rb2 Kf6 45. Kg3 Ra1 46. Nf3 Rc1 47. Kg4 Rf1 48. Rb7 Rf2 {[#] aiming for ...Rg2+.} 49. e5+ Kg6 {( -> ...Rg2+)} 50. Rb6 $1 {[%csl LRe6,LRg5] The position is equal.} Kf7 51. Nxg5+ Nxg5 52. Kxg5 {[#] And now Rf6+ would win. KR-KR} Ke7 53. Rb5 Rxc2 54. Kf5 c4 55. Rb7+ Kd8 56. dxc4 Rxc4 57. Ke4 {Accuracy: White = 93%, Black = 95%.} 1/2-1/2

[Event "CRO-ch 2020"]
[Site "Vinkovci"]
[Date "2020.06.26"]
[Round "8.2"]
[White "Palac, Mladen"]
[Black "Martinovic, Sasa"]
[Result "1/2-1/2"]
[WhiteElo "2529"]
[BlackElo "2532"]
[Annotator "TA"]
[PlyCount "42"]
[EventDate "2020.06.19"]
[EventType "tourn"]
[EventCountry "CRO"]
[SourceTitle "playchess.com"]
[Source "ChessBase"]
[SourceQuality "1"]

{[%evp 15,42,34,31,29,29,17,45,46,48,29,48,19,21,39,38,0,0,0,0,0,0,0,25,-42,0,0,0,0,0]} 1. c4 g6 2. d4 Bg7 3. Nf3 Nf6 4. g3 O-O 5. Bg2 d6 6. O-O Nc6 7. d5 Na5 8. Na3 c5 9. Re1 {E60: King's Indian: Unusual lines and Fianchetto Variation without Nc3.} a6 10. e4 e5 {[#]} 11. Bd2 $146 {White is slightly better.} ({Predecessor:} 11. Rb1 b6 12. Nd2 Bh6 13. b3 Bd7 14. Bb2 b5 15. Rf1 Nh5 16. Qe2 b4 17. Nc2 {1-0 (34) Markos,J (2572)-Mazur,S (2446) Austria 2016}) 11... b6 12. Bc3 Ne8 13. Nd2 Ra7 14. Nc2 f5 15. a3 Raf7 16. b4 Nb7 17. exf5 gxf5 18. a4 Bd7 19. a5 ({White should try} 19. b5 $11) 19... cxb4 20. Nxb4 {Nc6 is the strong threat.} Nxa5 21. Nxa6 e4 {Accuracy: White = 76%, Black = 77%.} 1/2-1/2

[Event "CRO-ch 2020"]
[Site "Vinkovci"]
[Date "2020.06.26"]
[Round "8.3"]
[White "Zelcic, Robert"]
[Black "Bosiocic, Marin"]
[Result "1/2-1/2"]
[WhiteElo "2527"]
[BlackElo "2625"]
[Annotator "RC"]
[PlyCount "118"]
[EventDate "2020.06.19"]
[EventType "tourn"]
[EventCountry "CRO"]
[SourceTitle "playchess.com"]
[Source "ChessBase"]
[SourceQuality "1"]
[TimeControl "40/5400+30:1800+30"]

1. e4 {[%emt 0:00:00]} c5 {[%emt 0:00:00]} 2. Nf3 {[%emt 0:00:00]} d6 {[%emt 0:00:00]} 3. Bb5+ {[%emt 0:00:00]} Nd7 {[%emt 0:00:00]} 4. d4 {[%emt 0:00:00]} cxd4 {[%emt 0:00:11]} 5. Qxd4 {[%emt 0:00:00]} a6 {[%emt 0:00:12]} 6. Bxd7+ {[%emt 0:00:00]} Qxd7 {[%emt 0:00:08]} 7. O-O {[%emt 0:01:01]} e5 {[%emt 0:00:26]} 8. Qd3 {[%emt 0:01:26]} Qc6 {[%emt 0:00:08]} 9. c4 {[%emt 0:01:25]} Be6 {[%emt 0:00:10]} 10. b3 {[%emt 0:01:41]} b5 {[%emt 0:03:04]} 11. Nfd2 {[%emt 0:00:43]} Nf6 {[%emt 0:16:01]} 12. Nc3 {[%emt 0:00:33]} Rc8 {[%emt 0:01:01]} 13. Nd5 {[%emt 0:01:26]} Bxd5 {[%emt 0:00:11]} 14. cxd5 {[%emt 0:11:06]} Qc3 {[%emt 0:00:09]} 15. Qxc3 {[%emt 0:00:14]} Rxc3 {[%emt 0:00:06]} 16. Ba3 {[%emt 0:00:21]} a5 {[%emt 0:18:27]} 17. Rfc1 {[%emt 0:04:43]} Rd3 {[%emt 0:00:42]} 18. Rc8+ {[%emt 0:06:57]} Ke7 {[%emt 0:00:29]} 19. Rc7+ {[%emt 0:00:36]} Kd8 {[%emt 0:00:10]} 20. Rc2 {[%emt 0:00:35]} g6 {[%emt 0:00:53]} 21. f3 {[%emt 0:03:51]} Bh6 {[%emt 0:01:39]} 22. Nf1 {[%emt 0:00:21]} Kd7 {[%emt 0:04:04]} 23. Kf2 {[%emt 0:06:53]} Nh5 {[%emt 0:00:46]} 24. Ke1 {[%emt 0:06:46]} Rb8 {[%emt 0:14:32]} 25. Rc6 {[%emt 0:04:48]} b4 {[%emt 0:00:47]} 26. Bc1 {[%emt 0:00:05]} Bf4 {[%emt 0:04:50]} 27. Ke2 {[%emt 0:05:11]} Rc3 {[%emt 0:00:59]} 28. Rxc3 {[%emt 0:00:23]} bxc3 {[%emt 0:00:05]} 29. g3 {[%emt 0:00:04]} Bxc1 {[%emt 0:00:29]} 30. Rxc1 {[%emt 0:00:01]} a4 {[%emt 0:04:39]} 31. Rxc3 {[%emt 0:00:05]} axb3 {[%emt 0:00:04]} 32. Rxb3 {[%emt 0:00:09]} Ra8 {[%emt 0:02:12]} 33. a3 {[%emt 0:00:08]} Ra7 {[%emt 0:04:28]} 34. Ne3 {[%emt 0:00:24]} Nf6 {[%emt 0:00:07]} 35. Nc4 {[%emt 0:00:36]} Ke7 {[%emt 0:05:32]} 36. Rb6 {[%emt 0:01:19]} Ne8 {[%emt 0:01:09]} 37. g4 {[%emt 0:01:04]} h5 {[%emt 0:03:01]} 38. g5 {[%emt 0:02:51]} h4 {[%emt 0:00:06]} 39. f4 {[%emt 0:00:43]} exf4 {[%emt 0:01:57]} 40. Kf3 {[%emt 0:00:00]} Rc7 {[%emt 0:00:00]} 41. Rc6 {[%emt 0:01:44]} Rxc6 {[%emt 0:02:37]} 42. dxc6 {[%emt 0:00:01]} Kd8 {[%emt 0:00:09]} 43. e5 {[%emt 0:00:17]} d5 {[%emt 0:00:28]} 44. Nd6 {[%emt 0:01:00]} Ng7 {[%emt 0:00:12]} 45. Nxf7+ {[%emt 0:00:08]} Kc7 {[%emt 0:00:12]} 46. Kxf4 {[%emt 0:04:08]} Ne6+ {[%emt 0:00:18]} 47. Kg4 {[%emt 0:00:49]} d4 {[%emt 0:00:50]} 48. Nh8 {[%emt 0:03:58]} d3 {[%emt 0:05:55]} 49. Kf3 {[%emt 0:00:37]} Nxg5+ {[%emt 0:00:29]} 50. Ke3 {[%emt 0:00:04]} d2 {[%emt 0:00:17]} 51. Kxd2 {[%emt 0:00:01]} Nf3+ {[%emt 0:00:19]} 52. Ke3 {[%emt 0:01:47]} Nxe5 {[%emt 0:03:11]} 53. Kf4 {[%emt 0:00:08]} g5+ {[%emt 0:00:51]} 54. Kxe5 {[%emt 0:04:07]} g4 {[%emt 0:00:10]} 55. Kf4 {[%emt 0:01:11]} g3 {[%emt 0:00:05]} 56. hxg3 {[%emt 0:00:06]} hxg3 {[%emt 0:00:05]} 57. Kxg3 {[%emt 0:00:02]} Kxc6 {[%emt 0:00:06]} 58. Nf7 {[%emt 0:00:40]} Kb5 {[%emt 0:00:06]} 59. Ne5 {[%emt 0:00:01]} Ka4 {[%emt 0:00:06]} 1/2-1/2

[Event "CRO-ch 2020"]
[Site "Vinkovci"]
[Date "2020.06.26"]
[Round "8.4"]
[White "Kovacevic, Blazimir"]
[Black "Kozul, Zdenko"]
[Result "1-0"]
[WhiteElo "2410"]
[BlackElo "2597"]
[Annotator "RC"]
[PlyCount "81"]
[EventDate "2020.06.19"]
[EventType "tourn"]
[EventCountry "CRO"]
[SourceTitle "playchess.com"]
[Source "ChessBase"]
[SourceQuality "1"]
[TimeControl "40/5400+30:1800+30"]

1. c4 {[%emt 0:00:00]} g6 {[%emt 0:03:10]} 2. Nc3 {[%emt 0:00:35]} Bg7 {[%emt 0:00:06]} 3. g3 {[%emt 0:00:18]} c5 {[%emt 0:05:14]} 4. Bg2 {[%emt 0:00:26]} Nc6 {[%emt 0:00:08]} 5. b3 {[%emt 0:00:46]} e6 {[%emt 0:03:01]} 6. Ba3 {[%emt 0:02:04]} d6 {[%emt 0:02:27]} 7. e3 {[%emt 0:00:56]} Nge7 {[%emt 0:01:26]} 8. Nge2 {[%emt 0:00:06]} e5 {[%emt 0:00:42]} 9. d3 {[%emt 0:02:14]} Be6 {[%emt 0:05:09]} 10. Qd2 {[%emt 0:01:59]} a5 {[%emt 0:18:28]} 11. O-O {[%emt 0:06:56]} O-O {[%emt 0:02:20]} 12. Rad1 {[%emt 0:14:31]} b6 {[%emt 0:05:24]} 13. d4 {[%emt 0:08:56]} exd4 {[%emt 0:10:53]} 14. exd4 {[%emt 0:00:05]} Bg4 {[%emt 0:00:09]} 15. f3 {[%emt 0:02:47]} Bf5 {[%emt 0:00:32]} 16. g4 {[%emt 0:05:58]} Bc8 {[%emt 0:01:11]} 17. dxc5 {[%emt 0:04:12]} dxc5 {[%emt 0:00:07]} 18. Qxd8 {[%emt 0:00:10]} Rxd8 {[%emt 0:01:57]} 19. Rxd8+ {[%emt 0:00:13]} Nxd8 {[%emt 0:00:05]} 20. Na4 {[%emt 0:16:16]} Rb8 {[%emt 0:01:40]} 21. Rd1 {[%emt 0:00:04]} Ndc6 {[%emt 0:01:03]} 22. h3 {[%emt 0:00:18]} Kf8 {[%emt 0:08:59]} 23. Kf2 {[%emt 0:05:32]} Ke8 {[%emt 0:00:39]} 24. f4 {[%emt 0:02:09]} Nb4 {[%emt 0:15:16]} 25. Bxb4 {[%emt 0:01:27]} cxb4 {[%emt 0:00:45]} 26. Rd6 {[%emt 0:13:03]} b5 {[%emt 0:00:58]} 27. cxb5 {[%emt 0:02:41]} Rxb5 {[%emt 0:00:26]} 28. Nd4 {[%emt 0:00:06]} Bxd4+ {[%emt 0:03:00]} 29. Rxd4 {[%emt 0:00:05]} h5 {[%emt 0:00:04]} 30. Bf3 {[%emt 0:01:04]} hxg4 {[%emt 0:03:06]} 31. hxg4 {[%emt 0:00:03]} Bd7 {[%emt 0:01:13]} 32. Rd6 {[%emt 0:01:44]} Nc8 {[%emt 0:00:37]} 33. Ra6 {[%emt 0:01:14]} Kd8 {[%emt 0:01:15]} 34. Ke3 {[%emt 0:02:18]} g5 {[%emt 0:02:39]} 35. f5 {[%emt 0:00:04]} Kc7 {[%emt 0:01:48]} 36. Kd4 {[%emt 0:00:25]} Bxf5 {[%emt 0:01:18]} 37. gxf5 {[%emt 0:03:20]} Rxf5 {[%emt 0:00:06]} 38. Rc6+ {[%emt 0:00:13]} Kd7 {[%emt 0:00:45]} 39. Nc5+ {[%emt 0:00:44]} Ke7 {[%emt 0:00:07]} 40. Rc7+ {[%emt 0:00:00]} Kf6 {[%emt 0:00:00]} 41. Be4 {[%emt 0:03:09]} 1-0